|
|
|
|
| LEADER |
02349nam a2200505 ia4500 |
| 001 |
nkc20183008684 |
| 003 |
CZ PrNK |
| 005 |
20211216144416.0 |
| 007 |
ta |
| 008 |
180619s2017 xr ab e p 000 0 cze |
| 015 |
|
|
|a cnb003008684
|
| 020 |
|
|
|a 978-80-87864-79-1
|q (soubor katechezí ;
|q brožováno)
|
| 020 |
|
|
|a 978-80-87864-80-7
|q (metodika ;
|q brožováno)
|
| 040 |
|
|
|a OLA001
|b cze
|e rda
|
| 072 |
|
7 |
|a 27-4
|x Praktická teologie. Morální teologie
|2 Konspekt
|9 5
|
| 080 |
|
|
|a 27-423.79
|2 MRF
|
| 080 |
|
|
|a 27-47
|2 MRF
|
| 080 |
|
|
|a (075.2)
|2 MRF
|
| 080 |
|
|
|a (075.3)
|2 MRF
|
| 080 |
|
|
|a (072)
|2 MRF
|
| 100 |
1 |
|
|a Plhoň, Jiří
|7 ola2003201083
|4 aut
|
| 245 |
1 |
0 |
|a Vyznání víry :
|b pro žáky 2. stupně ZŠ a pro středoškolskou mládež /
|c Jiří Plhoň ; ilustrace Tereza Hlouchová
|
| 250 |
|
|
|a Druhé, v Kartuziánském nakladatelství první vydání
|
| 264 |
|
1 |
|a Brno :
|b Kartuziánské nakladatelství,
|c 2017
|
| 300 |
|
|
|a 2 svazky :
|b ilustrace (převážně barevné), mapy ;
|c 31 cm
|
| 336 |
|
|
|a text
|b txt
|2 rdacontent
|
| 337 |
|
|
|a bez média
|b n
|2 rdamedia
|
| 338 |
|
|
|a svazek
|b nc
|2 rdacarrier
|
| 504 |
|
|
|a Obsahuje bibliografii a bibliografické odkazy
|
| 505 |
0 |
|
|a Soubor katechezí. 132 nečíslovaných stran -- Metodika k souboru katechezí. 138 stran
|
| 650 |
0 |
7 |
|a křesťanská víra
|7 ph122113
|2 czenas
|
| 650 |
0 |
7 |
|a křesťanská výchova
|7 ph122115
|2 czenas
|
| 650 |
0 |
7 |
|a katecheze
|7 ph121519
|2 czenas
|
| 650 |
0 |
7 |
|a učení katolické církve
|7 ph135482
|2 czenas
|
| 655 |
|
7 |
|a učebnice základních škol
|7 fd133773
|2 czenas
|
| 655 |
|
7 |
|a učebnice středních škol
|7 fd133771
|2 czenas
|
| 655 |
|
7 |
|a metodické příručky
|7 fd132826
|2 czenas
|
| 700 |
1 |
|
|a Hlouchová, Tereza
|4 ill
|
| 910 |
2 |
|
|a BOA001
|b 4-1423.189
|s soubor katechezí, metodika
|
| 990 |
|
|
|a BK
|
| 995 |
|
|
|a 60
|
| 996 |
6 |
|
|b 2610771648
|c 4-1423.189
|d 1, soubor katechezí
|v 1
|l MZK
|r Sklad / do 1 hodiny
|n 0
|p p.v.
|w 001708984
|u 000010
|a 1
|e BOA001
|j MZK50
|s P
|
| 996 |
7 |
|
|b 2610771649
|c 4-1423.189
|d 1, soubor katechezí
|v 1
|l MZK
|r Sklad / do 1 hodiny
|n 0
|p p.v.
|w 001708984
|u 000020
|a 1
|e BOA001
|j MZK50
|s A
|
| 996 |
6 |
|
|b 2610771650
|c 4-1423.189
|d 2, metodika
|v 2
|l MZK
|r Sklad / do 1 hodiny
|n 0
|p p.v.
|w 001708984
|u 000030
|a 1
|e BOA001
|j MZK50
|s P
|
| 996 |
7 |
|
|b 2610771651
|c 4-1423.189
|d 2, metodika
|v 2
|l MZK
|r Sklad / do 1 hodiny
|n 0
|p p.v.
|w 001708984
|u 000040
|a 1
|e BOA001
|j MZK50
|s A
|